Lana Del Rey - Tomorrow Never Came Lyrics Ft. Sean Lennon - Statistics

General Stats
  • This quiz has been taken 148 times
  • The average score is 304 of 355
Answer Stats
Answer % Correct
you
99%
You
99%
a
98%
I
98%
to
98%
for
96%
In
96%
in
96%
the
96%
tomorrow
96%
Tomorrow
96%
wait
96%
be
95%
came
95%
never
95%
my
94%
me
93%
said
93%
and
91%
And
91%
But
91%
spot
91%
just
90%
of
90%
on
90%
pourin'
90%
rain
90%
bench
89%
'Cause
89%
No
89%
no
89%
park
89%
there
89%
middle
88%
wanted
88%
what
88%
Wi-
88%
wi-
88%
city
86%
doin'?"
86%
"Hey
86%
Hey
86%
meet
86%
same
86%
waited
86%
your
86%
don't
85%
why
85%
Why
85%
Baby
84%
baby
84%
that
84%
would
84%
adored
83%
with
83%
always
81%
stay
81%
Stay
81%
ask
80%
I'm
80%
Not
80%
Sean
80%
singin'
80%
if
79%
lot
79%
things
79%
thinkin'?
79%
dancer
78%
you'd
78%
had
77%
Now
77%
honey
75%
Honey
75%
way
75%
We
75%
we
75%
at
74%
Cancer
74%
Oh
74%
side
74%
tiny
74%
Tropic
74%
"Isn't
73%
could
72%
I'd
72%
thoughts
72%
crazy?"
70%
local
70%
play
70%
Shakin'
70%
all
69%
day
69%
favorite
69%
paradise
69%
radio
69%
are
68%
our
68%
put
68%
some
68%
song
68%
up
68%
blinkin'
67%
movin'
67%
out
67%
life
65%
long
65%
Those
64%
wine
64%
swallow
63%
like
62%
Lennon
60%
lights
60%
Roses
60%
country
59%
Lay
59%
lay
59%
house
56%
Yoko
54%
every
53%
Lady
53%
wish
53%
guitar
52%
ignore
52%
old
52%
felt
49%
home
49%
Penny
49%
played
49%
jukebox
46%
stayed
41%
barn
40%
Sunday
33%
woah
31%
No matching quizzes found
Score Distribution
Percent of People with Each Score
Percentile by Number Answered
Your Score History
You have not taken this quiz